Music Quiz

Random Music or Clickable Quiz

Artist by First #1 Hit V Quiz Stats

 Plays Quiz Updated Oct 16, 2019

Score 0/25 Timer 03:00
5 Plays Today
% Correct
Toto
87.6%
Cyndi Lauper
82.9%
Bonnie Tyler
82.2%
The Temptations
77.9%
Seal
76.9%
Camila Cabello
73.9%
Ariana Grande
72.6%
Blondie
70.9%
Foreigner
70.1%
Avril Lavigne
69.8%
Santana
69.2%
Poison
66.1%
The Mamas & the Papas
64.8%
% Correct
Janis Joplin
64.8%
Chic
64.2%
Genesis
59.4%
Post Malone
58.3%
Creed
58.1%
Mary J. Blige
57%
Jason DeRulo
55.5%
The Chainsmokers
54.8%
New Kids on the Block
42.8%
Cheap Trick
38.5%
John Lennon
37.9%
Ringo Starr
35%

You're not logged in!

Compare scores with friends on all Sporcle quizzes.
OR
Log In

Sporcle TV

Today on Sporcle TV


Watch our educational content, quiz creation guides, and fun videos on Sporcle TV.

Show Comments

Extras

Top Quizzes Today


Score Distribution

Your Account Isn't Verified!

In order to create a playlist on Sporcle, you need to verify the email address you used during registration. Go to your Sporcle Settings to finish the process.

Report this User

Report this user for behavior that violates our Community Guidelines.

Details: